LINEÁRNE TRENDY UKAZOVATEĽOV JATOČNEJ HODNOTY BÝKOV VZHĽADOM NA PODIEL GÉNOV NÍŽINNÉHO ČIERNOSTRAKATÉHO PLEMENA

Bibliographic Details
Main Authors: Podolanová, E. (Author), Chrenek, J. (Author), Fľak, Pavel (Author)
Format: Article
Language:Slovak

MARC

LEADER 00000nab a2200000uu 4500
001 vtls011540436
003 SK-MaSNL
005 20260304013349.0
008 230218|1995 xo |||||||||||||||||slo|
015 |a SNBRB 
035 |a (urnnbn)urn:nbn:sk:snk:ar-a09r9b 
035 |a (uuid)0058dcb2-ac56-4521-8905-a11e985a51b6 
035 |a urn:nbn:sk:snk-abeyoa 
040 |a SNKBUCL  |b slo  |c SNKBUCL  |e AACR2 
041 0 |a slo 
044 |a xo  |c SK 
100 1 |a Podolanová, E.  |4 aut  |9 832541 
245 1 0 |a LINEÁRNE TRENDY UKAZOVATEĽOV JATOČNEJ HODNOTY BÝKOV VZHĽADOM NA PODIEL GÉNOV NÍŽINNÉHO ČIERNOSTRAKATÉHO PLEMENA  |c E. Podolanová, J. Chrenek, P. Fľak 
246 3 |a THE LINEAR TRENDS OF CARCASS VALUE TRAITS OF BULLS ON THE SHARE OF GENES OF BLACK PIED LOWLAND BREED 
700 1 |a Chrenek, J.  |4 aut  |9 772893 
700 1 |a Fľak, Pavel  |4 aut  |9 5306 
773 0 |t Journal of farm animal science : vedecké práce Výskumného ústavu živočíšnej výroby v Nitre  |g Roč. 28, č. 28 (1995), s. 91-98 
954 |a odborná, vedecká literatúra pôvodná (slovenská)  |2 lita 
958 |a OND 
958 |a EUIPO 
958 |a article22 
999 |c 2575488  |d 2577418